000 00443nam a2200145Ia 4500
008 100204s9999 xx 000 0 und d
082 _b15710
100 _aरणसिंग मोहन
245 _aहृदय तरंग
260 _b"मनोशिल्प प्रकाशन , मुंबई"
_c1992
300 _a73
630 _aहृदय तरंग
730 _aहृदय तरंग
942 _cBOOK
999 _c460133
_d460130